LEADER 00759nam0-22002891i-450- 001 990002571720403321 035 $a000257172 035 $aFED01000257172 035 $a(Aleph)000257172FED01 035 $a000257172 100 $a20000920d1976----km-y0itay50------ba 101 0 $aENG 200 1 $aCommande optimale des systemes discrets$fV. Boltianski. 210 $aMoscou$cMir$d1976. 215 $a467 p.$d22 cm 610 0 $aOttimizzazione 676 $a519 676 $a510 700 1$aBoltianski,$bV.$012105 801 0$aIT$bUNINA$gRICA$2UNIMARC 901 $aBK 912 $a990002571720403321 952 $aMXVI-B-25$b3087$fMAS 959 $aMAS 996 $aCommande optimale des systèmes discrets$9255334 997 $aUNINA DB $aING01 LEADER 00919nam0-22003251i-450- 001 990007537980403321 005 20070305121431.0 035 $a000753798 035 $aFED01000753798 035 $a(Aleph)000753798FED01 035 $a000753798 100 $a20030814d1970----km-y0itay50------ba 101 0 $aeng 102 $aGB 105 $aa-------001yy 200 1 $a<>short history of Africa$fR. Oliver, J. D. Fage 205 $a3nd ed. 210 $aMiddlesex$cPenguin$d1970 215 $a296 p., [18] c. di ill.$d15 cm 225 1 $aPenguin African Library 610 0 $aAfrica 700 1$aOliver,$bRoland Anthony$f<1923- >$0130348 701 1$aFage,$bJohn Donnelly$f<1921-2002>$0142868 801 0$aIT$bUNINA$gRICA$2UNIMARC 901 $aBK 912 $a990007537980403321 952 $aF-08-025$bI.G. 11146$fILFGE 959 $aILFGE 996 $aShort history of Africa$918445 997 $aUNINA